00369nam a2200133Ia 4500008004100000041000800041082001800049100001400067245006300081250001400144260003300158300003300191365001100224240624s9999 xx 000 0 und d aeng a658.05195 BLA aBLACK KEN aAPPLIED BUSINESS STATISTICS MAKING BETTER BUSINESS DECISIO a(7th ed.) c2012aNew DelhibWIley India axxiii, : 850 : p. : cm. ; 25 cRSb31